| 000 | 00671nam a2200217 a 4500 | ||
|---|---|---|---|
| 999 |
_c3891 _d3891 |
||
| 001 | 3891 | ||
| 003 | BD-JhCC | ||
| 005 | 20180304172750.0 | ||
| 008 | 171119s1964 bg |||| ||a| 000 0 ben d | ||
| 035 | _a(BD-JhCC)3891 | ||
| 040 |
_aBD-JhCC _dBD-JhCC |
||
| 041 | _aben | ||
| 082 |
_a891.4409 _bAHM 1964 |
||
| 100 | _aআহমদ, আবুয্ যোহানুর | ||
| 245 |
_aআল্লামা মাশরেকী / _cআবুয্ যোহানুর আহমদ, |
||
| 260 |
_aঢাকা : _bআহমদ পাবলিশিং হাউস, _c1964 |
||
| 300 |
_a58 p. : _c18 cm. |
||
| 650 | _aBiography | ||
| 942 |
_2ddc _cBK |
||